| 000 | 00520nam a2200181Ia 4500 | ||
|---|---|---|---|
| 005 | 20250508151441.0 | ||
| 008 | 008 250505s9999 xx 000 0 eng d | ||
| 037 | _aTextual | ||
| 040 |
_aFEDL _beng _cFEDL |
||
| 041 |
_aeng _2eng |
||
| 084 |
_a374.942, HAR _qFEDL |
||
| 100 | _aHarrison J F C | ||
| 245 | 0 | _aHistory of the working men's college 1954-1954 | |
| 260 |
_aLondon, UK _bRoutledge and Kegan Paul _c1954 |
||
| 300 | _axix,215p | ||
| 942 |
_cTEXL _h374.942, HAR |
||
| 999 |
_c1329878 _d1329878 |
||